000 00536nam a2200181Ia 4500
008 100920s9999 xx 000 0 und d
082 _b8960
_a891.43 0
100 _aप्रेमचंद.
245 _aप्रतिज्ञा.
260 _bहंस प्रकाशन,इलाहाबाद.
_c0
300 _a148
_bसाधी
365 _b2.5
520 _aहिंदी.
630 _aप्रतिज्ञा.
650 _aहिंदी.
730 _aप्रतिज्ञा.
942 _cBOOK
999 _c676104
_d676101